Sociology Themes and Perspectives (Record no. 109)

000 -LEADER
fixed length control field 00301 a2200121 4500
082 ## - DEWEY DECIMAL CLASSIFICATION NUMBER
Classification number 301 HAR
100 ## - MAIN ENTRY--PERSONAL NAME
Personal name Haralambos
245 ## - TITLE STATEMENT
Title Sociology Themes and Perspectives
250 ## - EDITION STATEMENT
Edition statement 5th ed.
260 ## - PUBLICATION, DISTRIBUTION, ETC.
Place of publication, distribution, etc. Islambad :
Name of publisher, distributor, etc. National Book Foundation,
300 ## - PHYSICAL DESCRIPTION
Extent 1116p. :
Other physical details ill., ;
Dimensions 28 cm
650 ## - SUBJECT ADDED ENTRY--TOPICAL TERM
Topical term or geographic name entry element Sociology
Holdings
Withdrawn status Lost status Source of classification or shelving scheme Damaged status Not for loan Permanent Location Current Location Date acquired Total Checkouts Full call number Barcode Date last seen Price effective from Koha item type
          Institute of Environmental Science and Engineering (IESE) Institute of Environmental Science and Engineering (IESE) 12/08/2016   301 HAR IESE-1676 12/08/2016 12/08/2016 Book
          Institute of Environmental Science and Engineering (IESE) Institute of Environmental Science and Engineering (IESE) 12/08/2016   301 HAR IESE-1677 12/08/2016 12/08/2016 Book
© 2023 Central Library, National University of Sciences and Technology. All Rights Reserved.